Every NFL First Team All-Pro Player From 1993-2002 - Statistics

General Stats
  • This quiz has been taken 76 times
  • The average score is 141 of 263
Answer Stats
Year Team Position Player % Correct
1996 49ers WR Jerry Rice
100%
1995 49ers WR Jerry Rice
100%
1994 49ers WR Jerry Rice
100%
1993 49ers WR Jerry Rice
100%
2002 Buccaneers Edge Simeon Rice
100%
1997 Lions RB Barry Sanders
97%
1995 Lions RB Barry Sanders
97%
1994 Lions RB Barry Sanders
97%
1998 Cowboys CB Deion Sanders
97%
1997 Cowboys CB Deion Sanders
97%
1996 Cowboys CB Deion Sanders
97%
1994 49ers CB Deion Sanders
97%
1993 Falcons CB Deion Sanders
97%
1997 Packers QB Brett Favre
95%
1996 Packers QB Brett Favre
95%
1995 Packers QB Brett Favre
95%
2001 Rams QB Kurt Warner
95%
1999 Rams QB Kurt Warner
95%
2000 Vikings WR Randy Moss
95%
1998 Vikings WR Randy Moss
95%
1997 Bills Edge Bruce Smith
93%
1996 Bills Edge Bruce Smith
93%
1995 Bills Edge Bruce Smith
93%
1994 Bills Edge Bruce Smith
93%
1993 Bills Edge Bruce Smith
93%
1996 49ers Interior Lineman Bryant Young
93%
1995 Cowboys RB Emmitt Smith
93%
1994 Cowboys RB Emmitt Smith
93%
1993 Cowboys RB Emmitt Smith
93%
1993 Chiefs Edge Neil Smith
93%
2001 Panthers KR Steve Smith
93%
1994 49ers QB Steve Young
93%
1993 49ers QB Steve Young
93%
2001 Rams RB Marshall Faulk
92%
2000 Rams RB Marshall Faulk
92%
1999 Rams RB Marshall Faulk
92%
1998 Broncos TE Shannon Sharpe
90%
1997 Broncos TE Shannon Sharpe
90%
1996 Broncos TE Shannon Sharpe
90%
1993 Broncos TE Shannon Sharpe
90%
1993 Packers WR Sterling Sharpe
90%
2002 Colts WR Marvin Harrison
88%
1999 Colts WR Marvin Harrison
88%
1998 Chargers S Rodney Harrison
88%
2002 49ers WR Terrell Owens
88%
2001 49ers WR Terrell Owens
88%
2000 49ers WR Terrell Owens
88%
2001 Chiefs TE Tony Gonzalez
88%
2000 Chiefs TE Tony Gonzalez
88%
1999 Chiefs TE Tony Gonzalez
88%
1995 49ers CB Eric Davis
87%
1998 Broncos RB Terrell Davis
87%
1997 Broncos RB Terrell Davis
87%
1996 Broncos RB Terrell Davis
87%
1999 Vikings WR Cris Carter
85%
1994 Vikings WR Cris Carter
85%
1999 Rams Edge Kevin Carter
85%
2002 Chiefs RB Priest Holmes
85%
2001 Chiefs RB Priest Holmes
85%
2001 Ravens LB Ray Lewis
85%
2000 Ravens LB Ray Lewis
85%
1999 Ravens LB Ray Lewis
85%
1998 Ravens KR Jermaine Lewis
83%
2002 Saints KR Michael Lewis
83%
1998 Jets LB Mo Lewis
83%
2001 Rams CB Aeneas Williams
82%
1997 Cardinals CB Aeneas Williams
82%
1995 Cardinals CB Aeneas Williams
82%
1996 Broncos Edge Alfred Williams
82%
1996 Cowboys T Erik Williams
82%
1993 Cowboys T Erik Williams
82%
2002 Raiders QB Rich Gannon
82%
2000 Raiders QB Rich Gannon
82%
2002 Dolphins RB Ricky Williams
82%
2002 Buccaneers Interior Lineman Warren Sapp
82%
2001 Buccaneers Interior Lineman Warren Sapp
82%
2000 Buccaneers Interior Lineman Warren Sapp
82%
1999 Buccaneers Interior Lineman Warren Sapp
82%
2002 Dolphins Edge Jason Taylor
80%
2000 Dolphins Edge Jason Taylor
80%
1996 Steelers RB Jerome Bettis
80%
1993 Rams RB Jerome Bettis
80%
1998 Packers Edge Reggie White
80%
1995 Packers Edge Reggie White
80%
1999 Raiders CB Charles Woodson
77%
1996 Cowboys S Darren Woodson
77%
1995 Cowboys S Darren Woodson
77%
1994 Cowboys S Darren Woodson
77%
2002 Raiders S Rod Woodson
77%
1994 Steelers CB Rod Woodson
77%
1993 Steelers CB Rod Woodson
77%
2002 Bears LB Brian Urlacher
75%
2001 Bears LB Brian Urlacher
75%
1999 Colts RB Edgerrin James
75%
2000 Chargers LB Junior Seau
75%
1998 Chargers LB Junior Seau
75%
1996 Chargers LB Junior Seau
75%
1994 Chargers LB Junior Seau
75%
1993 Chargers LB Junior Seau
75%
2001 Giants Edge Michael Strahan
75%
1998 Giants Edge Michael Strahan
75%
1997 Giants Edge Michael Strahan
75%
2002 Patriots K Adam Vinatieri
72%
2002 Buccaneers LB Derrick Brooks
72%
2000 Buccaneers LB Derrick Brooks
72%
1999 Buccaneers LB Derrick Brooks
72%
2000 Titans RB Eddie George
72%
2001 Cowboys G Larry Allen
72%
2000 Cowboys G Larry Allen
72%
1999 Cowboys G Larry Allen
72%
1998 Cowboys T Larry Allen
72%
1997 Cowboys G Larry Allen
72%
1996 Cowboys G Larry Allen
72%
2001 Seahawks T Walter Jones
72%
1999 Buccaneers FB Mike Alstott
68%
1998 Buccaneers FB Mike Alstott
68%
1997 Buccaneers FB Mike Alstott
68%
2002 Eagles S Brian Dawkins
67%
2001 Eagles S Brian Dawkins
67%
1998 Vikings QB Randall Cunningham
67%
1997 Cowboys K Richie Cunningham
67%
2002 Dolphins LB Zach Thomas
63%
1999 Dolphins LB Zach Thomas
63%
1998 Dolphins LB Zach Thomas
63%
2002 Ravens T Jonathan Ogden
62%
2000 Ravens T Jonathan Ogden
62%
1997 Ravens T Jonathan Ogden
62%
1998 Patriots CB Ty Law
60%
1995 Falcons K Morten Andersen
58%
2000 Titans G Bruce Matthews
57%
1999 Titans G Bruce Matthews
57%
1998 Oilers G Bruce Matthews
57%
1998 Vikings K Gary Anderson
57%
1998 Falcons RB Jamal Anderson
57%
1996 Panthers LB Kevin Greene
57%
1994 Steelers LB Kevin Greene
57%
2001 Buccaneers CB Ronde Barber
57%
1998 Seahawks LB Chad Brown
55%
1996 Steelers LB Chad Brown
55%
2002 Giants TE Jeremy Shockey
55%
1995 Lions T Lomas Brown
55%
2001 Bears S Mike Brown
55%
1999 Jaguars T Tony Boselli
55%
1998 Jaguars T Tony Boselli
55%
1997 Jaguars T Tony Boselli
55%
1997 Lions WR Herman Moore
53%
1996 Lions WR Herman Moore
53%
1995 Lions WR Herman Moore
53%
2000 Buccaneers S John Lynch
53%
1999 Buccaneers S John Lynch
53%
1998 Vikings Interior Lineman John Randle
53%
1997 Vikings Interior Lineman John Randle
53%
1996 Vikings Interior Lineman John Randle
53%
1995 Vikings Interior Lineman John Randle
53%
1994 Vikings Interior Lineman John Randle
53%
1993 Vikings Interior Lineman John Randle
53%
1997 Cardinals WR Rob Moore
53%
2001 Rams T Orlando Pace
50%
1999 Rams T Orlando Pace
50%
1998 Vikings G Randall McDaniel
43%
1996 Vikings G Randall McDaniel
43%
1995 Vikings G Randall McDaniel
43%
1994 Vikings G Randall McDaniel
43%
1993 Vikings G Randall McDaniel
43%
2002 Chiefs G Will Shields
43%
1998 Packers WR Antonio Freeman
42%
1995 Patriots TE Ben Coates
42%
1994 Patriots TE Ben Coates
42%
1994 Seahawks Interior Lineman Cortez Kennedy
42%
1993 Seahawks Interior Lineman Cortez Kennedy
42%
2001 Cardinals WR David Boston
42%
2002 Raiders T Lincoln Kennedy
40%
1994 Cowboys Edge Charles Haley
38%
1998 Steelers C Dermontti Dawson
35%
1997 Steelers C Dermontti Dawson
35%
1996 Steelers C Dermontti Dawson
35%
1995 Steelers C Dermontti Dawson
35%
1994 Steelers C Dermontti Dawson
35%
1993 Steelers C Dermontti Dawson
35%
1995 Saints T Willie Roaf
35%
1994 Saints T Willie Roaf
35%
2001 Jets C Kevin Mawae
33%
1999 Jets C Kevin Mawae
33%
2000 Raiders P Shane Lechler
32%
2002 Steelers G Alan Faneca
30%
2001 Steelers G Alan Faneca
30%
1999 Titans Edge Jevon Kearse
28%
1996 Broncos T Gary Zimmerman
27%
2002 Steelers LB Joey Porter
27%
1997 49ers Interior Lineman Dana Stubblefield
25%
2001 Eagles K David Akers
22%
2001 Browns LB Jamir Miller
22%
1995 Cowboys G Nate Newton
22%
1994 Cowboys G Nate Newton
22%
1998 Packers S LeRoy Butler
20%
1997 Packers S LeRoy Butler
20%
1996 Packers S LeRoy Butler
20%
1993 Packers S LeRoy Butler
20%
1997 Chargers KR Eric Metcalf
18%
1993 Browns KR Eric Metcalf
18%
1996 Panthers LB Sam Mills
18%
2000 Titans KR Derrick Mason
17%
1994 Browns S Eric Turner
17%
1995 Steelers LB Greg Lloyd
17%
1994 Steelers LB Greg Lloyd
17%
1993 Steelers LB Greg Lloyd
17%
1995 Chargers P Darren Bennett
15%
2000 Packers S Darren Sharper
15%
2002 Dolphins CB Patrick Surtain
15%
1995 Redskins KR Brian Mitchell
13%
1995 Bills LB Bryce Paup
13%
1994 Lions KR Mel Gray
13%
1994 Dolphins T Richmond Webb
13%
1997 Steelers S Carnell Lake
12%
1997 Buccaneers LB Hardy Nickerson
12%
1993 Buccaneers LB Hardy Nickerson
12%
2001 Jets Edge John Abraham
12%
2000 Dolphins CB Sam Madison
12%
1999 Dolphins CB Sam Madison
12%
2002 Eagles CB Troy Vincent
12%
1995 49ers LB Ken Norton Jr.
10%
1999 Patriots S Lawyer Milloy
10%
1997 Steelers LB Levon Kirkland
10%
1995 49ers S Merton Hanks
10%
2000 Titans CB Samari Rolle
10%
2002 Raiders C Barrett Robbins
8%
1993 49ers T Harris Barton
8%
1994 Chargers K John Carney
8%
1996 Cardinals FB Larry Centers
8%
2000 Ravens K Matt Stover
8%
1999 Dolphins K Olindo Mare
8%
1993 Packers K Chris Jacke
7%
1993 Oilers P Greg Montgomery
7%
2001 Steelers LB Jason Gildon
7%
2002 Panthers Interior Lineman Kris Jenkins
7%
2000 Saints Interior Lineman La'Roi Glover
7%
1994 Redskins P Reggie Roby
7%
1995 Raiders Interior Lineman Chester McGlockton
5%
1993 Falcons G Chris Hinton
5%
1998 Raiders Interior Lineman Darrell Russell
5%
1997 Giants LB Jessie Armstead
5%
1993 Oilers S Marcus Robertson
5%
2000 Broncos C Tom Nalen
5%
1999 Jets P Tom Tupa
5%
1997 Chiefs G Dave Szott
3%
2000 Eagles Edge Hugh Douglas
3%
2000 Eagles LB Jeremiah Trotter
3%
1999 Jaguars LB Kevin Hardy
3%
2002 Panthers P Todd Sauerbrun
3%
2001 Panthers P Todd Sauerbrun
3%
1996 Colts K Cary Blanchard
2%
1996 Colts P Chris Gardocki
2%
1997 Broncos LB John Mobley
2%
2000 Saints T Kyle Turley
2%
1993 Saints LB Renaldo Turnbull
2%
2001 Bears Interior Lineman Ted Washington
2%
1999 Broncos Interior Lineman Trevor Pryce
2%
1996 Bengals CB Ashley Ambrose
0%
1997 Jaguars P Bryan Barker
0%
1998 Oilers P Craig Hentrich
0%
1999 Bears KR Glyn Milburn
0%
1996 Redskins P Matt Turk
0%
1996 Panthers KR Michael Bates
0%
No matching quizzes found
Score Distribution
Percent of People with Each Score
Percentile by Number Answered
Your Score History
You have not taken this quiz